Statistieken voor Bergen naar land

Klik hier om de quiz te nemen!

Algemene statistieken

  • Deze quiz is 100 keer genomen
  • De gemiddelde score is 9 van 20

Antwoordstatistieken

BergLand% Correct
OlympusGriekenland
94%
VesuviusItalië
90%
EverestNepal | China
89%
FujiJapan
79%
TafelbergZuid-Afrika
79%
KilimanjaroTanzania
70%
SinaiEgypte
48%
OlijfbergIsraël
44%
Mount CookNieuw-Zeeland
43%
ElbroesRusland
43%
El TeideSpanje
37%
DenaliVerenigde Staten
35%
Ben NevisVerenigd Koninkrijk
35%
KrakatoaIndonesië
32%
AraratTurkije
32%
AconcaguaArgentinië
25%
PopocatepetlMexico
24%
PinatuboFilipijnen
16%
BlackcombCanada
13%
ArenalCosta Rica
8%

Scoreverdeling

Percentiel versus Aantal Correcte Antwoorden

Procent van Mensen met Elke Score

Uw Scoregeschiedenis

U heeft deze quiz nog niet genomen